The French revolution (Record no. 48886)
[ view plain ]
| 000 -LEADER | |
|---|---|
| fixed length control field | 00347nam a2200145Ia 4500 |
| 008 - FIXED-LENGTH DATA ELEMENTS--GENERAL INFORMATION | |
| fixed length control field | 220805s9999 xx 000 0 und d |
| 041 ## - LANGUAGE CODE | |
| Language code of text/sound track or separate title | eng |
| 082 ## - DEWEY DECIMAL CLASSIFICATION NUMBER | |
| Classification number | 944.04 |
| 100 ## - MAIN ENTRY--PERSONAL NAME | |
| Personal name | Carlyle,Thomas |
| 9 (RLIN) | 88847 |
| 260 ## - PUBLICATION, DISTRIBUTION, ETC. (IMPRINT) | |
| Place of publication, distribution, etc. | New York |
| Name of publisher, distributor, etc. | E.P. Dutton and co. |
| Date of publication, distribution, etc. | 1955 |
| 245 ## - TITLE STATEMENT | |
| Title | The French revolution |
| 250 ## - EDITION STATEMENT | |
| Edition statement | 1 |
| 300 ## - PHYSICAL DESCRIPTION | |
| Extent | 351 |
| 650 ## - SUBJECT ADDED ENTRY--TOPICAL TERM | |
| Topical term or geographic name as entry element | France |
| 9 (RLIN) | 88848 |
| Withdrawn status | Lost status | Damaged status | Not for loan | Collection code | Home library | Current library | Date acquired | Vendor | Full call number | Barcode | Date last seen | Bill Date | Koha item type | Original Barcode |
|---|---|---|---|---|---|---|---|---|---|---|---|---|---|---|
| Manilal Nanavati Vocational Training Institute Pune | Manilal Nanavati Vocational Training Institute Pune | 09/08/2022 | Donated | 944.04/CAR/DB1517 | MNVT-DB-1517 | 09/08/2022 | 09/08/2022 | Donated Book | DB1517 |